000 01177nam a2200289 a 4500
001 000002652
003 DO-SdBNP
005 20221208100602.0
007 ta
008 090703s2017 dr ac 000 0 spa d
020 _a9789945167962
040 _aDO-SdBNP
_bspa
_cBNPHU
082 4 _a972.93054
_bV422q
_222
100 1 _aVega, Bernardo
_98361
245 1 0 _aQuiénes eran los ricos al final de la dictadura de Trujillo /
_cprólogo, Bernardo Vega
260 _aSanto Domingo :
_bFundación Cultural Dominicana,
_c2017.
300 _a288 p. :
_bil., retrs, ;
_c28 cm.
500 _aIncluye datos biográficos del autor en la solapa de la cubierta
590 _aInventariado, 2022 / DG
650 4 _aRicos
_xRepública Dominicana
_xHistoria
_ySiglo XX
_vEstadísticas
_982899
650 4 _aRicos
_zRepública Dominicana
_vRegistros
_982900
650 4 _aRentas
_zRepública Dominicana
_xHistoria
_ySiglo XX
_vEstadísticas
_982901
650 4 _aImpuestos sobre bienes
_zRepública Dominicana
_xHistoria
_ySiglo XX
_982902
650 4 _aImpuesto sobre la renta
_zRepública Dominicana
_xHistoria
_ySiglo XX
_982903
910 _aDG/Validado. Control de calidad MFF
942 _2ddc
_cLBS1
999 _c52734
_d52734